SCLEROTIUM ROLFSII DISEASE MANAGERMENT USING SOLARIZATION ON MUNGBEAN IN GREENHOUSE CONDTION វិធានការការពារផ្សិត ក្លែរ៉ូទីញ៉ូម រ៉ូស្ស៊ី ដោយប្រើពន្លឺថ្ងៃ លើដំណាំសណ្តែកបាយក្នុងលក្ខខណ្ធផ្ទះកញ្ចក់. (Record no. 996)

000 -LEADER
fixed length control field 00742nam a22001577a 4500
003 - CONTROL NUMBER IDENTIFIER
control field OSt
005 - DATE AND TIME OF LATEST TRANSACTION
control field 20150921161949.0
008 - FIXED-LENGTH DATA ELEMENTS--GENERAL INFORMATION
fixed length control field 150921b xxu||||| |||| 00| 0 eng d
040 ## - CATALOGING SOURCE
Transcribing agency RUA
082 ## - DEWEY DECIMAL CLASSIFICATION NUMBER
Classification number AGR HOR 2010 BO43 Or.1
100 ## - MAIN ENTRY--PERSONAL NAME
9 (RLIN) 1036
Personal name HORN, LYNAN
245 ## - TITLE STATEMENT
Title SCLEROTIUM ROLFSII DISEASE MANAGERMENT USING SOLARIZATION ON MUNGBEAN IN GREENHOUSE CONDTION វិធានការការពារផ្សិត ក្លែរ៉ូទីញ៉ូម រ៉ូស្ស៊ី ដោយប្រើពន្លឺថ្ងៃ លើដំណាំសណ្តែកបាយក្នុងលក្ខខណ្ធផ្ទះកញ្ចក់.
260 ## - PUBLICATION, DISTRIBUTION, ETC. (IMPRINT)
Place of publication, distribution, etc. PHNOM PHEN
Name of publisher, distributor, etc. RUA
Date of publication, distribution, etc. 2010
300 ## - PHYSICAL DESCRIPTION
Extent X,43P.
Other physical details ILL.
Dimensions 29CM.
942 ## - ADDED ENTRY ELEMENTS (KOHA)
Source of classification or shelving scheme
Koha item type AGR
Holdings
Price effective from Date last seen Permanent Location Not for loan Date acquired Source of classification or shelving scheme Koha item type Lost status Withdrawn status Date last checked out Total Checkouts Damaged status Barcode Shelving location Current Location Full call number
2015-09-212015-09-21Library Block B 2015-09-21 AGR     RUA000102 Library Block BAGR HOR 2010 BO43 Or.1
2015-09-212019-07-19Library Block B 2015-09-21 AGR  2019-07-021 RUA000030B043Library Block BAGR HOR 2010 BO43 Or.2
2015-09-212015-09-21Library Block B 2015-09-21 AGR     RUA000174 Library Block BAGR HOR 2010 BO43 Or.3
2015-09-212020-06-30Library Block B 2015-09-21 AGR  2020-06-081 RUA000096 Library Block BAGR HOR 2010 BO43 Or.4
2015-09-212023-08-14Library Block B 2015-09-21 AGR  2023-07-311 RUA000093 Library Block BAGR HOR 2010 BO43 Or.5
2015-09-212015-09-21Library Block B 2015-09-21 AGR     RUA000095 Library Block BAGR HOR 2010 BO43 Or.6
មជ្ឈមណ្ឌលឯការនៃសាកលវិទ្យាល័យភូមិន្ទកសិកម្មចំការដូង

Powered by Koha